000 00677nam a22002770a 4500
001 PT34106
003 AR-LpoUNG
005 20210131230145.0
008 191001s2007||||ag |||||||||||||||||spa d
020 _a9789500728225
_c$6.25
040 _aAR-LpoUNG
_bspa
_cAR-LpoUNG
_eaacr
041 _aspa
044 _aag
082 0 _a808.068 3 42pap
100 1 _aKeselman, Gabriela
245 1 0 _aPapando moscas
250 _a1ra. ed.
260 _aBuenos Aires :
_bSudamericana,
_c2007.
300 _a31 p. :
_bil.
650 4 _aCUENTOS
650 4 _aLITERATURA
653 _aLITERATURA INFANTIL
700 1 _aElizalde, Marcelo
_eil.
905 _a34106
942 _cLIB
999 _c1797
_d1797